000 00338nam a2200133Ia 4500
005 20260328101508.0
008 260328s9999||||xx |||||||||||||| ||und||
100 _aReis, Dalcacio
245 0 _aProduct Design in the sustainable era /
_cDalcacio Reis
260 _bTaschen
300 _a439 p.
650 _aDISEÑO INDUSTRIAL
942 _cBK
999 _c9114
_d9114